Statistics for Countries by Former Shape #6

Click here to take the quiz!

General Stats

  • This quiz has been taken 57 times
    (34 since last reset)
  • The average score is 9 of 10

Answer Stats

Answer% Correct
Croatia
100%
Israel
100%
Morocco
100%
Argentina
97%
Azerbaijan
97%
Netherlands
97%
Switzerland
97%
Belarus
90%
Bosnia and Herzegovina
90%
Uzbekistan
83%

Score Distribution

Percentile by Number Answered

Percent of People with Each Score

Your Score History

You have not taken this quiz since the last reset